000 00310nam a22001217a 4500
005 20250910123300.0
008 250910b |||||||| |||| 00| 0 eng d
100 _aKENNETH HAGIN J.
245 _aWHAT COMES AFTER FAITH
260 _aUSA
_bFAITH LIBRARY PUBLICATIONS
_cc1992
300 _a106p
942 _2lcc
_cBK
_n0
999 _c7512
_d7512